| 000 | 00406nam a2200133 a 4500 | ||
|---|---|---|---|
| 001 | 000046366 | ||
| 005 | 20201002052823.0 | ||
| 008 | 150805s2013 dr 000 0 spa d | ||
| 040 |
_aDO-SdBNP _bspa _cBNPHU |
||
| 082 |
_axxxxxxxxx _bxxxxxxxxx |
||
| 245 | 0 | 0 | _aGuía para la instalación de los núcleos territoriales/sectoriales. |
| 260 |
_aSanto Domingo : _bAlianza País, _c2013. |
||
| 300 |
_a47 p. ; _c22 cm. |
||
| 999 |
_c45855 _d45855 |
||